Cidades que recebem voos da Azul Linhas Aéreas - Statistics

Estatísticas Gerais
  • Esse quiz foi jogado 28 vezes
  • A pontuação média é 63 de 141
Estatísticas das Respostas
País Cidade (aeroporto) % Correto
Brasil São Paulo-Congonhas
100%
Brasil São Paulo-Guarulhos
100%
Brasil Campinas
95%
Portugal Porto
95%
Brasil Rio de Janeiro-Galeão
95%
Brasil Rio de Janeiro-Jacarepaguá
95%
Brasil Rio de Janeiro-Santos Dumont
95%
Brasil Curitiba
91%
Brasil Manaus
91%
Brasil Belém
86%
Brasil Brasília
86%
Brasil Cuiabá
86%
Brasil João Pessoa
86%
Brasil Salvador
86%
Brasil Vitória
86%
Brasil Aracaju
82%
Brasil Belo Horizonte-Confins
82%
Brasil Fortaleza
82%
Brasil Goiânia
82%
Brasil Maceió
82%
Brasil Porto Alegre
82%
Brasil Recife
82%
Brasil Rio Branco
82%
Brasil São Luís
82%
Brasil Campo Grande
77%
Brasil Natal
77%
Brasil Teresina
77%
Paraguai Assunção
73%
Brasil Florianópolis
73%
Brasil Londrina
73%
Brasil Macapá
73%
França Paris-Orly
73%
Brasil Pelotas
73%
Brasil Boa Vista
68%
Brasil Ilhéus
68%
Portugal Lisboa
68%
Brasil Maringá
68%
Brasil Palmas
68%
Brasil Porto Velho
68%
Brasil Ribeirão Preto
68%
Brasil Uberlândia
68%
Brasil Campina Grande
64%
Brasil Joinville
64%
Brasil Navegantes
64%
Brasil Petrolina
64%
Brasil Cascavel
59%
Brasil Juazeiro do Norte
59%
Espanha Madri
59%
Uruguai Montevidéu
59%
Brasil Porto Seguro
59%
Brasil Sinop
59%
Brasil Caxias do Sul
55%
Brasil Chapecó
55%
Brasil Foz do Iguaçu
55%
Brasil Imperatriz
55%
Brasil Juiz de Fora / Zona da Mata
55%
Argentina Mendoza
55%
Estados Unidos Orlando
55%
Brasil Santa Maria
55%
Brasil Santarém
55%
Brasil Vitória da Conquista
55%
Brasil Barreiras
50%
Brasil Caruaru
50%
Brasil Ponta Porã
50%
Brasil Uberaba
50%
Estados Unidos Fort Lauderdale
45%
Brasil Ji-Paraná
45%
Brasil Montes Claros
45%
Brasil Uruguaiana
45%
Brasil Altamira
41%
Brasil Governador Valadares
41%
Brasil Jijoca de Jericoacoara
41%
Brasil Marabá
41%
Brasil Marília
41%
Brasil Patos
41%
Brasil Patos de Minas
41%
Brasil Presidente Prudente
41%
Brasil Rondonópolis
41%
Brasil Araçatuba
36%
Brasil Bauru
36%
Brasil Corumbá
36%
Brasil Fernando de Noronha
36%
Brasil Ipatinga
36%
Brasil Parintins
36%
Argentina San Carlos de Bariloche
36%
Brasil São José do Rio Preto
36%
Brasil Caldas Novas
32%
Brasil Passo Fundo
32%
Uruguai Punta del Este
32%
Brasil São Gabriel da Cachoeira
32%
Brasil Araxá
27%
Brasil Bonito
27%
Brasil Cacoal
27%
Brasil Franca
27%
Brasil Tefé
27%
Brasil Umuarama
27%
Brasil Una / Comandatuba
27%
Brasil Vilhena
27%
Brasil Carajás (Parauapebas)
23%
Brasil Divinópolis
23%
Brasil Guarapuava
23%
Brasil Pato Branco
23%
Brasil Serra Talhada
23%
Brasil Teófilo Otoni
23%
Brasil Alta Floresta
18%
Brasil Barretos
18%
Brasil Coari
18%
Brasil Garanhuns
18%
Brasil Guanambi
18%
Brasil Paragominas
18%
Brasil Sorriso
18%
Brasil Tabatinga
18%
Brasil Barra do Garças
14%
Brasil Cajazeiras
14%
Brasil Lençóis
14%
Brasil Salinas
14%
Brasil Varginha
14%
Holanda (Curaçao) Willemstad
14%
Brasil Araraquara
9%
Brasil Linhares
9%
Brasil Paracatu
9%
Brasil Santo Ângelo
9%
Brasil Araripina
5%
Brasil Aripuanã
5%
Brasil Breves
5%
Brasil Guaíra
5%
Brasil Itaituba
5%
Brasil Lábrea
5%
Brasil Manhuaçu
5%
Brasil Santa Isabel do Rio Negro
5%
Brasil Telêmaco Borba
5%
Brasil Tucuruí
5%
Brasil União da Vitória
5%
Brasil Almeirim
0%
Brasil Borba
0%
Brasil Manicoré
0%
Brasil Maués
0%
Brasil Ourilândia do Norte
0%
Brasil Porto de Moz
0%
Brasil Porto Trombetas
0%
Brasil Salinópolis
0%
Nenhum quiz correspondente encontrado
Distribuição das Pontuações
Porcentagem de Pessoas com Cada Pontuação
Percentil de Números Respondidos
Sua Pontuação Histórica
Você não jogou esse quiz